000 01424cam a2200241 i 4500
003 OCoLC
005 20210211142251.0
008 150805t20102010ck af r 000 0cspa d
020 _a9789581202713
040 _aE7B
_cCO-JMCR
041 0 _aspa
082 0 4 _a370.922 /
_bF715o
_223
100 1 _aForero Gutiérrez, Alfonso
_eautor
_913335
245 1 0 _aOctavio Arizmendi Posada :
_bun humanista ejemplar /
_cAlfonso Forero Gutiérrez
260 _aBogotá :
_bUniversidad de La Sabana,
_c2010
300 _a124 páginas :
_bilustraciones, láminas ;
_c24 cm.
500 _aDatos biográficos del autor en solapa frontal.
505 0 _aLa posada de doña Bora y don Quico -- La historia familiar extensa -- Liderazgo y escultismo -- El hombre de las ideas -- El espíritu de un Numerario del Opus Dei -- La revolución de un partid político -- Una de las mejores gobernaciones de Antioquia (1965-1968) -- El hombre y gobernador vistos por un nadaísta -- De la Gobernación al arte de educar -- Universidad de la Sabana: la cristalización de un sueño -- El maestro de la universidad a escala humana -- Discurso en el campus del puente del Común -- Una existencia apasionada, coherente y llena de sentido
650 2 4 _aPersonal docente
_zColombia
_vBiografías
_913336
650 2 4 _aProfesores
_zColombia
_vBiografías
_913337
942 _2ddc
_cBK
999 _c7165
_d7165